[Event "Sachsen-Anhalt Landesliga A 18/19"]
[Site "Sachsen Anhalt"]
[Date "2018.11.25"]
[Round "4.1"]
[White "Schnapke, Ralf"]
[Black "Woost, Thomas"]
[Result "0-1"]
[WhiteElo "1776"]
[BlackElo "1905"]
[PlyCount "86"]
[EventDate "2018.09.23"]
[EventType "team-tourn"]
[EventRounds "9"]
[EventCountry "GER"]
[SourceTitle "EXT 2022"]
[Source "ChessBase"]
[SourceDate "2021.10.06"]
[SourceVersion "1"]
[SourceVersionDate "2021.10.06"]
[SourceQuality "1"]
[WhiteTeam "Gardelegen"]
[BlackTeam "Tangerhuette Eintracht"]
[WhiteTeamCountry "GER"]
[BlackTeamCountry "GER"]

1. c4 e5 2. Nc3 g6 3. g3 Bg7 4. Bg2 Nc6 5. e3 Nge7 6. Nge2 0-0 7. 0-0 d6 8. d3 Rb8 9. f4 a6 10. Rb1 b5 11. Nd5 bxc4 12. dxc4 Nxd5 13. cxd5 Ne7 14. Qa4 Rb6 15. b4 Bg4 16. Qc2 Qd7 17. e4 Rfb8 18. a3 R6b7 19. Nc3 c6 20. f5 gxf5 21. h3 Bh5 22. exf5 f6 23. dxc6 Nxc6 24. Qa4 Rc8 25. Qxa6 Ra7 26. Qd3 Nd4 27. b5 Rxc3 28. Qd2 Rc2 29. Qd3 Rxg2+ 30. Kxg2 Qb7+ 31. Kg1 Nf3+ 32. Kf2 d5 33. g4 e4 34. Qc2 Qb8 35. Rh1 Rc7 36. Qa4 Be8 37. Qd1 Bf7 38. Be3 Rc4 39. Kg2 Rc3 40. Bf2 Rd3 41. Qa4 Rd2 42. b6 Qf4 43. b7 Nh4+ 0-1

[Event "Leipzig VfB op 23rd"]
[Site "Leipzig"]
[Date "2016.03.19"]
[Round "8"]
[White "Schnapke, Ralf"]
[Black "Franke, Uwe"]
[Result "1/2-1/2"]
[WhiteElo "1784"]
[BlackElo "1948"]
[PlyCount "23"]
[EventDate "2016.03.15"]
[EventType "swiss"]
[EventRounds "9"]
[EventCountry "GER"]
[SourceTitle "EXT 2017"]
[Source "ChessBase"]
[SourceDate "2016.10.25"]
[SourceVersion "1"]
[SourceVersionDate "2016.10.25"]
[SourceQuality "1"]

1. c4 e6 2. Nc3 Nf6 3. e4 d6 4. g3 e5 5. Bg2 Nc6 6. Nge2 Bd7 7. 0-0 h6 8. f4 Bg4 9. h3 Bd7 10. d3 Qc8 11. Kh2 Be7 12. Be3 1/2-1/2

[Event "Leipzig VfB op 23rd"]
[Site "Leipzig"]
[Date "2016.03.18"]
[Round "6"]
[White "Just, Gabriele"]
[Black "Schnapke, Ralf"]
[Result "1-0"]
[WhiteElo "1960"]
[BlackElo "1784"]
[PlyCount "83"]
[EventDate "2016.03.15"]
[EventType "swiss"]
[EventRounds "9"]
[EventCountry "GER"]
[SourceTitle "EXT 2017"]
[Source "ChessBase"]
[SourceDate "2016.10.25"]
[SourceVersion "1"]
[SourceVersionDate "2016.10.25"]
[SourceQuality "1"]

1. d4 f5 2. Bg5 Nf6 3. Bxf6 exf6 4. e3 d5 5. Bd3 Qe7 6. Nc3 c6 7. Qf3 g6 8. Nh3 Bg7 9. 0-0 0-0 10. Rfe1 b6 11. Nxd5 Qd6 12. Nc3 Ba6 13. Qe2 Bb7 14. a3 b5 15. Rad1 Nd7 16. Kh1 a6 17. Ng1 Rfe8 18. Nf3 Rad8 19. Nb1 c5 20. dxc5 Qxc5 21. Nbd2 Ne5 22. Nxe5 fxe5 23. e4 Qc6 24. f3 Qf6 25. c4 bxc4 26. Bxc4+ Kh8 27. b4 Bh6 28. Nf1 fxe4 29. fxe4 Bf4 30. Bd5 Bc8 31. a4 h5 32. Qc4 Bg4 33. Rb1 Rc8 34. Qb3 h4 35. Ne3 Bh5 36. Rf1 Qg5 37. Nc4 Rf8 38. b5 Kg7 39. bxa6 h3 40. Qxh3 Bg4 41. Rb7+ Kf6 42. Qh7 1-0

[Event "Leipzig VfB op 23rd"]
[Site "Leipzig"]
[Date "2016.03.16"]
[Round "2"]
[White "Loyal, Martin"]
[Black "Schnapke, Ralf"]
[Result "0-1"]
[WhiteElo "1616"]
[BlackElo "1784"]
[PlyCount "72"]
[EventDate "2016.03.15"]
[EventType "swiss"]
[EventRounds "9"]
[EventCountry "GER"]
[SourceTitle "EXT 2017"]
[Source "ChessBase"]
[SourceDate "2016.10.25"]
[SourceVersion "1"]
[SourceVersionDate "2016.10.25"]
[SourceQuality "1"]

1. e4 d5 2. exd5 Nf6 3. Nc3 Nxd5 4. Qf3 e6 5. Bc4 Nb6 6. Bb3 Nc6 7. d3 a5 8. Be3 a4 9. Bc4 Nxc4 10. dxc4 Bb4 11. Nge2 0-0 12. 0-0 Qe7 13. Nb5 e5 14. c3 Bd6 15. b4 e4 16. Qh5 b6 17. Nxd6 cxd6 18. Bxb6 Qb7 19. Be3 Ne5 20. Nd4 Nxc4 21. Bf4 f5 22. Rfd1 Rf6 23. Qe8+ Rf8 24. Qb5 d5 25. Qxb7 Bxb7 26. b5 Nb2 27. Rd2 Nd3 28. Bc7 Rf6 29. a3 Nc5 30. Rb1 f4 31. Re2 Raf8 32. b6 f3 33. gxf3 exf3 34. Re3 Ne4 35. Rb2 Rg6+ 36. Kh1 Rgf6 0-1